Negotiation (Record no. 351943)

000 -LEADER
fixed length control field 01781cam a2200445 i 4500
001 - CONTROL NUMBER
control field 11497205
003 - CONTROL NUMBER IDENTIFIER
control field OSt
005 - DATE AND TIME OF LATEST TRANSACTION
control field 20180116183059.0
008 - FIXED-LENGTH DATA ELEMENTS--GENERAL INFORMATION
fixed length control field 141203t20152016iaua b 001 0 eng
010 ## - LIBRARY OF CONGRESS CONTROL NUMBER
LC control number 2014041287
020 ## - INTERNATIONAL STANDARD BOOK NUMBER
International Standard Book Number 9780071263641 (alk. paper)
020 ## - INTERNATIONAL STANDARD BOOK NUMBER
International Standard Book Number 0077862465 (alk. paper)
035 ## - SYSTEM CONTROL NUMBER
System control number (OCoLC)ocn897510519
035 ## - SYSTEM CONTROL NUMBER
System control number (OCoLC)897510519
Canceled/invalid control number (OCoLC)842883141
035 ## - SYSTEM CONTROL NUMBER
System control number (NNC)11497205
040 ## - CATALOGING SOURCE
Original cataloging agency DLC
Language of cataloging eng
Description conventions rda
Transcribing agency DLC
Modifying agency OCLCO
-- YDXCP
-- CDX
-- OCLCF
-- OSU
042 ## - AUTHENTICATION CODE
Authentication code pcc
050 00 - LIBRARY OF CONGRESS CALL NUMBER
Classification number HD58.6
Item number .L487 2015
050 #4 - LIBRARY OF CONGRESS CALL NUMBER
Classification number HD58.6
Item number .L487 2016
082 00 - DEWEY DECIMAL CLASSIFICATION NUMBER
Classification number 658.4052 LEW 2010
Edition number 23
100 1# - MAIN ENTRY--PERSONAL NAME
Personal name Lewicki, Roy J.,
Relator term author.
245 10 - TITLE STATEMENT
Title Negotiation
250 ## - EDITION STATEMENT
Edition statement Sixth Edition.
260 ## - PUBLICATION, DISTRIBUTION, ETC.
Place of publication, distribution, etc. Boston
Name of publisher, distributor, etc. McGrawHill
Date of publication, distribution, etc. 2010
300 ## - PHYSICAL DESCRIPTION
Extent 632 pages :
Other physical details illustrations ;
Dimensions 24 cm
440 ## - SERIES STATEMENT/ADDED ENTRY--TITLE
Title Negotiation
500 ## - GENERAL NOTE
General note PB.
504 ## - BIBLIOGRAPHY, ETC. NOTE
Bibliography, etc. note Includes bibliographical references and index.
505 0# - FORMATTED CONTENTS NOTE
Formatted contents note The nature of negotiation1 -- Strategy and tactics of distributive bargaining -- Strategy and tactics of integrative negotiation -- Negotiation : strategy and planning -- Ethics in negotiation -- Perception, cognition, and emotion -- Communication -- Finding and using negotiation power -- Relationships in negotiation -- Multiple parties, groups, and teams in negotiation -- International and cross-cultural negotiation -- Best practices in negotiations -- Endnotes -- Bibliography -- Index.
650 #0 - SUBJECT ADDED ENTRY--TOPICAL TERM
Topical term or geographic name entry element Negotiation in business.
650 #0 - SUBJECT ADDED ENTRY--TOPICAL TERM
Topical term or geographic name entry element Negotiation.
650 #7 - SUBJECT ADDED ENTRY--TOPICAL TERM
Topical term or geographic name entry element Negotiation.
Source of heading or term fast
650 #7 - SUBJECT ADDED ENTRY--TOPICAL TERM
Topical term or geographic name entry element Negotiation in business.
Source of heading or term fast
700 1# - ADDED ENTRY--PERSONAL NAME
Personal name Barry, Bruce,
Dates associated with a name 1958-
Relator term author.
700 1# - ADDED ENTRY--PERSONAL NAME
Personal name Saunders, David M.,
Relator term author.
942 ## - ADDED ENTRY ELEMENTS (KOHA)
Source of classification or shelving scheme
Koha item type Book
948 1# - LOCAL PROCESSING INFORMATION (OCLC); SERIES PART DESIGNATOR (RLIN)
Series part designator, SPT (RLIN) 20150710
b (OCLC) c
c (OCLC) rad1
d (OCLC) MPS
948 2# - LOCAL PROCESSING INFORMATION (OCLC); SERIES PART DESIGNATOR (RLIN)
Series part designator, SPT (RLIN) 20150710
b (OCLC) a
c (OCLC) rad1
d (OCLC) MPS
Holdings
Withdrawn status Lost status Source of classification or shelving scheme Damaged status Not for loan Collection code Permanent Location Current Location Shelving location Date acquired Total Checkouts Total Renewals Full call number Barcode Date last seen Date last checked out Price effective from Koha item type
            Central Library (CL) Central Library (CL) General Stacks 11/29/2016 2 4 658.4052 LEW 2010 NBS10245 08/17/2023 07/12/2023 11/29/2016 Book
© 2023 Central Library, National University of Sciences and Technology. All Rights Reserved.